000 00371nam a2200145Ia 4500
008 210210b2005 xxu||||| |||| 00| 0 eng d
020 _a81 7835 308 3
082 _a659.1 GUPA
100 _aGUPTA (Om).
245 _aAdvertising in India: trends and impact.
260 _aDelhi
_bKalpaz publications
_c2005
300 _a232
690 _aAdvertising
906 _a060950
999 _c107565
_d107565